000 01436cam a22002895a 4500
001 14561611
005 20201128024118.0
008 060921t2007 paua frb 001 0 eng d
020 _a1591409411
020 _a9781591409410
040 _aDLC
_cDLC
_dBAKER
_dC#P
_dYDXCP
_dIXA
_dBTCTA
_dDLC
_dEG-ScBUE
_beng
082 0 4 _222
_a005.1
_bADV
245 0 0 _aAdvances in machine learning applications in software engineering /
_c[editors] Du Zhang, Jeffrey J. P. Tsai.
260 _aHershey :
_bIdea Group Publishing,
_cc.2007.
300 _axv, 480 p. :
_bill. ;
_c26 cm.
504 _aIncludes bibliographical references and index.
520 _a"This book provides analysis, characterization and refinement of software engineering data in terms of machine learning methods. It depicts applications of several machine learning approaches in software systems development and deployment, and the use of machine learning methods to establish predictive models for software quality while offering readers suggestions by proposing future work in this emerging research field"--Provided by publisher.
650 7 _aSoftware engineering.
_2BUEsh
_93832
650 0 _aSelf-adaptive software.
_2BUEsh
650 7 _aApplication software.
_2BUEsh
_918314
650 7 _aMachine learning.
_2BUEsh
_92922
651 _2BUEsh
653 _bCOMSCI
_cJanuary2017
700 1 _aZhang, Du,
_eeditor.
700 1 _aTsai, Jeffrey J.-P.,
_eeditor.
942 _2ddc
999 _c23854
_d23826